[Event "Ceriano Laghetto Inverno op"]
[Site "Ceriano Laghetto"]
[Date "2007.01.30"]
[Round "4"]
[White "Jiang, Yongwei"]
[Black "Nastasi, Ivano"]
[Result "1/2-1/2"]
[WhiteElo "1575"]
[BlackElo "1518"]
[PlyCount "86"]
[EventDate "2007.01.09"]
[EventType "swiss"]
[EventRounds "6"]
[EventCountry "ITA"]
[SourceTitle "EXT 2008"]
[Source "ChessBase"]
[SourceDate "2007.11.25"]
[SourceVersion "1"]
[SourceVersionDate "2007.11.25"]
[SourceQuality "1"]

1. e4 e5 2. Nf3 Nf6 3. Nxe5 d6 4. Nf3 Nxe4 5. d4 d5 6. c4 c6 7. c5 Be7 8. Be2 0-0 9. 0-0 Be6 10. Be3 Nd7 11. Qc2 Bf6 12. Nbd2 Bf5 13. Bd3 Re8 14. b4 Nxd2 15. Nxd2 Bxd3 16. Qxd3 Bg5 17. Bxg5 Qxg5 18. Nf3 Qh5 19. Rfe1 Nf6 20. Re5 Rxe5 21. Nxe5 Ng4 22. Nxg4 Qxg4 23. Re1 Qd7 24. a4 Re8 25. Kf1 Rxe1+ 26. Kxe1 Qg4 27. g3 Qh3 28. Qe2 Qe6 29. Qxe6 fxe6 30. f4 h5 31. Kd2 a6 32. b5 a5 33. bxc6 bxc6 34. Ke3 Kf7 35. Kf3 Kf6 36. g4 g6 37. h3 Kg7 38. f5 exf5 39. gxf5 gxf5 40. Kf4 Kg6 41. Kg3 Kf6 42. h4 Kg6 43. Kf3 Kf7 1/2-1/2